Statistics for Crossword Puzzle

Click here to take the quiz!

General Stats

  • This quiz has been taken 2,581 times
    (2,579 since last reset)
  • The average score is 49 of 78

Answer Stats

Answer% Correct
C
89%
N
89%
N
89%
L
87%
O
87%
P
87%
O
86%
A
79%
H
79%
I
79%
E
78%
F
78%
P
78%
A
77%
E
76%
I
76%
A
75%
D
75%
I
75%
I
75%
L
75%
O
75%
R
75%
W
75%
I
74%
U
74%
P
73%
I
71%
R
71%
D
69%
B
68%
E
67%
O
67%
T
66%
E
65%
R
65%
S
65%
O
64%
R
63%
S
63%
E
62%
F
62%
L
61%
M
60%
S
60%
A
59%
P
59%
A
58%
A
57%
A
57%
I
57%
P
57%
G
56%
R
56%
V
56%
L
55%
A
53%
I
53%
K
53%
L
53%
L
53%
A
52%
W
52%
M
51%
E
50%
A
49%
X
49%
O
47%
N
46%
U
46%
U
46%
J
43%
R
40%
B
38%
I
38%
N
38%
I
8%
M
8%

Score Distribution

Percentile by Number Answered

Percent of People with Each Score

Your Score History

You have not taken this quiz since the last reset